Peghambarana Minhaj Dawat \ (Record no. 526120)
[ view plain ]
| 000 -LEADER | |
|---|---|
| fixed length control field | 00497nam a22001817a 4500 |
| 003 - CONTROL NUMBER IDENTIFIER | |
| control field | NUST |
| 020 ## - INTERNATIONAL STANDARD BOOK NUMBER | |
| International Standard Book Number | - |
| 038 ## - RECORD CONTENT LICENSOR | |
| Staff Name | Zafar Malik |
| 082 ## - DEWEY DECIMAL CLASSIFICATION NUMBER | |
| Classification number | 297.07 |
| Author Mark | ALV |
| 100 ## - MAIN ENTRY--PERSONAL NAME | |
| Personal name | Alvi, Khalid Dr. |
| 9 (RLIN) | 17081 |
| 245 ## - TITLE STATEMENT | |
| Title | Peghambarana Minhaj Dawat \ |
| Statement of responsibility, etc. | Dr. Khalid Alvi |
| 260 ## - PUBLICATION, DISTRIBUTION, ETC. | |
| Place of publication, distribution, etc. | Lahore : |
| Name of publisher, distributor, etc. | Al Faisal Nashran ; |
| Date of publication, distribution, etc. | 2005. |
| 300 ## - PHYSICAL DESCRIPTION | |
| Extent | 440 p. ; |
| 500 ## - GENERAL NOTE | |
| General note | Hardcover |
| 880 ## - ALTERNATE GRAPHIC REPRESENTATION | |
| Linkage | 100-02\r |
| Title | ڈاکٹر خالد علوی |
| 880 ## - ALTERNATE GRAPHIC REPRESENTATION | |
| Linkage | 245-02\r |
| Title | پیغمبرانہ منھاج دعوت |
| 942 ## - ADDED ENTRY ELEMENTS (KOHA) | |
| Source of classification or shelving scheme | |
| Koha item type | Book |
| Withdrawn status | Lost status | Source of classification or shelving scheme | Damaged status | Not for loan | Permanent Location | Current Location | Shelving location | Date acquired | Total Checkouts | Full call number | Barcode | Date last seen | Date last checked out | Price effective from | Koha item type |
|---|---|---|---|---|---|---|---|---|---|---|---|---|---|---|---|
| Central Library (CL) | Central Library (CL) | First Floor - Islam | 07/08/2019 | 1 | 297.07 ALV | CL-E-434 | 01/31/2022 | 01/10/2022 | 07/08/2019 | Book |
